000
00318 a2200109 4500
001
ART_40948
005
20260410161647.0
008
260409a
245
1
0
_a
Las facultades de inspección
100
1
_a
Caranta, Martín R.
773
0
_t
Consultor tributario
_g
- Año 10, Nº 118 (dic. 2016)
_w
REV474
999
_c
13846
_d
13846